| 000 | 00426cam a2200181ua 4500 | ||
|---|---|---|---|
| 020 | _c4 | ||
| 041 |
_ahin _h |
||
| 082 |
_a891.43 _bSUD/SU |
||
| 100 | _aSudarshan, . | ||
| 245 |
_aSudarshan-Sudha / _cSudarshan. _hTextual Documents |
||
| 250 |
_a4 / _b. |
||
| 260 |
_aBombay : _bVora and company publishers Pvt Ltd , _c1957. |
||
| 300 | _a242 ; . | ||
| 365 | _a4 | ||
| 504 | _a | ||
| 942 | _cBK | ||
| 999 |
_c3022 _d3022 |
||